<?xml version="1.0" encoding="UTF-8"?>
<collection xmlns="http://www.loc.gov/MARC21/slim">
  <record>
    <leader>00000nam  2200000   4500</leader>
    <controlfield tag="001">INLIS000000000020329</controlfield>
    <controlfield tag="005">20250613093707</controlfield>
    <datafield tag="035" ind1="#" ind2="#">
      <subfield code="a">0010-0625000071</subfield>
    </datafield>
    <controlfield tag="007">ta</controlfield>
    <controlfield tag="008">250613################|##########|#|##</controlfield>
    <datafield tag="084" ind1="#" ind2="#">
      <subfield code="a">R 0005 PKN I 2024</subfield>
    </datafield>
    <datafield tag="100" ind1=" " ind2="#">
      <subfield code="a">Indra Lutrianto Amstono</subfield>
    </datafield>
    <datafield tag="245" ind1="1" ind2="#">
      <subfield code="a">Membangun Kebijakan Kolaboratif Penegakan Hukum Terhadap Tindak Pidana Di Bidang Kesehatan /</subfield>
      <subfield code="c">Indra Lutrianto Amstono</subfield>
    </datafield>
    <datafield tag="250" ind1="#" ind2="#">
      <subfield code="a">1</subfield>
    </datafield>
    <datafield tag="260" ind1="#" ind2="#">
      <subfield code="a">Jakarta :</subfield>
      <subfield code="b">Pusbangkom Pimnas,</subfield>
      <subfield code="c">2024</subfield>
    </datafield>
    <datafield tag="300" ind1="#" ind2="#">
      <subfield code="a">100 :</subfield>
      <subfield code="b">ilus ;</subfield>
      <subfield code="c">29 x 21 x 1</subfield>
    </datafield>
    <datafield tag="650" ind1="#" ind2="4">
      <subfield code="a">Manajemen</subfield>
    </datafield>
    <datafield tag="520" ind1="#" ind2="#">
      <subfield code="a">Tugas dan kewenangan Dittipidter Bareskrim yaitu melakukan penyelidikan dan&#13;
penyidikan di bidang kejahatan tindak pidana tertentu yang salah satunya adalah&#13;
&#13;
menangani pelanggaran hukum dibidang Kesehatan yang diatur dalam Undang-&#13;
Undang Nomor 17 tahun 2023, Pasal 308 menyatakan bahwa : Ayat (1) Tenaga Medis&#13;
&#13;
atau Tenaga Kesehatan yang diduga melakukan perbuatan yang melanggar hukum&#13;
dalam pelaksanaan Pelayanan Kesehatan yang dapat dikenai sanksi pidana, terlebih&#13;
dahulu harus dimintakan rekomendasi dari Majelis. Tetapi dalam pelaksanaan pasal&#13;
308 belum bisa diimplementasikan karena memerlukan pembentukan perangkat yang&#13;
dimaksudkan belum tersusun, oleh karena itu diperlukan Membangun Kebijakan&#13;
Kolaboratif Penegakkan Hukum Terhadap Tindak Pidana Di Bidang Kesehatan.&#13;
Tujuan dari Kebijakan Kolaboratif Penegakkan Hukum Terhadap Tindak Pidana Di&#13;
Bidang Kesehatan adalah sebagi angkah strategis dalam mengimplementasikan&#13;
Undang-Undang Nomor 17 Tahun 2023 tentang Kesehatan, sehingga akan&#13;
mendapatkan satu persepsi terhadap penangangan tindak pidana Kesehatan yang&#13;
pada akhirnya akan memberikan perlindungan bagi tenaga Kesehatan dan&#13;
masyarakat. Selain itu kebijakan kolaboratif ini menjalin kerjasama antara Polri&#13;
dengan instansi lain dalam membangun kebijakan penegakan hukum, serta&#13;
membentuk majelis Kesehatan sesuai amanat Undang-Undang Nomor 17 Tahun&#13;
2023 tentang Kesehatan yang menjadi salah satu bagian prosedur penegakan hukum&#13;
tindak pidana Kesehatan. Kolaborasi dilaksanakan dengan diterbitkannya kebijakan&#13;
Polri terkait implementasi penindakan tindak pidana Kesehatan yang merupakan&#13;
bagian awal terbitnya peraturan pemerintah tentang teknis pelaksanaan UU No. 17&#13;
tahun 2023 dalam upaya pemantauan dan penegakan hukum terhadap tindak pidana&#13;
Kesehatan.&#13;
Manfaat yang akan didapatkan dari kolaborasi ini adalah meningkatnya pelayanan&#13;
kesehatan bagi masyarakat yang diharapkan meminimalisir terjadinya kesalahan&#13;
prosedur dalam pemberian pelayanan kesehatan oleh tenaga medis dan tenaga&#13;
Kesehatan, serta terlayaninnya pengaduan masyarakat secara profesional atas&#13;
kesalahan prosedur yang dilakukan oleh tenaga medis dan tenaga kesehatan dan&#13;
terjaminnya kepastian hukum atas kesalahan prosedur dan pelanggaran yang&#13;
dilakukan tenaga medis dan tenaga kesehatan.</subfield>
    </datafield>
    <datafield tag="856" ind1="#" ind2="#">
      <subfield code="a">Perpustakaan Pusat LAN</subfield>
    </datafield>
    <datafield tag="990" ind1="#" ind2="#">
      <subfield code="a">2024/1.2.1/A/0008</subfield>
    </datafield>
  </record>
</collection>
